000 00424nam a2200181Ia 4500
001 442
005 20260306140518.0
008 260306t2015||||xx |||||||||||||| ||spa||
041 _aESP
082 _a120
_bB92D
100 _aBunge, Mario
_eAUT
245 0 _aEpistemología :
_bcurso de actualización
260 _c2015
300 _a252 páginas :
_c21 cm.
650 _aGEN
654 _aCHU
942 _cLIB
_dJUS
_fJUS
_2ddc
_n
999 _c442
_d442